<?xml version="1.0" encoding="UTF-8"?>
<record
    xmlns:xsi="http://www.w3.org/2001/XMLSchema-instance"
    xsi:schemaLocation="http://www.loc.gov/MARC21/slim http://www.loc.gov/standards/marcxml/schema/MARC21slim.xsd"
    xmlns="http://www.loc.gov/MARC21/slim">

  <leader>01436nam a22001577a 4500</leader>
  <datafield tag="999" ind1=" " ind2=" ">
    <subfield code="c">528207</subfield>
    <subfield code="d">528207</subfield>
  </datafield>
  <controlfield tag="008">241119b           ||||| |||| 00| 0 eng d</controlfield>
  <datafield tag="100" ind1=" " ind2=" ">
    <subfield code="a">Sen, Nandini Choudhury </subfield>
    <subfield code="9">59544</subfield>
  </datafield>
  <datafield tag="245" ind1=" " ind2=" ">
    <subfield code="a">Covid-19, migration and the effect on Bihar </subfield>
  </datafield>
  <datafield tag="260" ind1=" " ind2=" ">
    <subfield code="a">Bihar Journal of Public Administration </subfield>
  </datafield>
  <datafield tag="300" ind1=" " ind2=" ">
    <subfield code="a">18(1A), Jan-Jun, 2021: p.35-43</subfield>
  </datafield>
  <datafield tag="520" ind1=" " ind2=" ">
    <subfield code="a">The year 2020 was gripped by the Covid-19 pandemic followed by more devastating second wave in 2021. The crisis has brought in its wake an unprecedented circumstance which the entire world is grappling with India being the worst hit nation. The Pandemic has been debilitating in more ways than one, the economy has seen a downturn globally and the Indian story is far from good. Besides, the scarcity of medical infrastructure, medicines, oxygen and vaccines has left the people bewildered. The crisis has hit the migrant labourers hardest and added to their miseries. As such, the present paper intends to concentrate on the process of labour migration, the causes and reasons propelling it, the saga of the reverse migration as it plays out in Bihar, the current poll bound state of India. &#x2013; Reproduced 

http://www.iipabiharbranch.org/upload/Complete%20BJPA%20Vol.%20XVIII%20No.%201A%20(Covid%20special%20issue)%202021.pdf</subfield>
  </datafield>
  <datafield tag="650" ind1=" " ind2=" ">
    <subfield code="a">Covid-19, Bihar, Economy, Reverse migration. </subfield>
    <subfield code="9">48951</subfield>
  </datafield>
  <datafield tag="773" ind1=" " ind2=" ">
    <subfield code="a">Bihar Journal of Public Administration </subfield>
  </datafield>
  <datafield tag="906" ind1=" " ind2=" ">
    <subfield code="a">PANDEMIC</subfield>
  </datafield>
  <datafield tag="942" ind1=" " ind2=" ">
    <subfield code="c">AR</subfield>
  </datafield>
  <datafield tag="952" ind1=" " ind2=" ">
    <subfield code="0">0</subfield>
    <subfield code="1">0</subfield>
    <subfield code="2">ddc</subfield>
    <subfield code="4">0</subfield>
    <subfield code="7">0</subfield>
    <subfield code="9">403299</subfield>
    <subfield code="a">IIPA</subfield>
    <subfield code="b">IIPA</subfield>
    <subfield code="d">2024-11-19</subfield>
    <subfield code="h">18(1A), Jan-Jun, 2021: p.35-43</subfield>
    <subfield code="p">AR133591</subfield>
    <subfield code="r">2024-11-19</subfield>
    <subfield code="y">AR</subfield>
  </datafield>
</record>
